00393nam a22001337a 450000500170000000800410001704100230005808200130008110000230009424500400011726000460015730000300020365000260023320240702142848.0240702b |||||||| |||| 00| 0 eng d aEnglish/Afrikaans  a349 SOU  lEnglish/Afrikaans  aSouth African Criminal Law Reports  aCape Town: bJuta and Company Ltd, c1991 blxi, 681 pages; c26 cm.  aLegal practice bLaw